ბათუმის შოთა რუსთაველის სახელმწიფო უნივერსიტეტის ბიბლიოთეკა

''მოუხელთებელთა" მზვერავები : (ბიბ.ჩანაწერი № 50251)

000 -ლიდერი
ფიქსირებული სიგრძის საკონტროლო ველი 01102nam a2200229Ia 4500
001 - საკონტროლო ნომერი
საკონტროლო ველი 17189
003 - საკონტროლო ნომრის იდენტიფიკატორი
საკონტროლო ველი GE_BSU
005 - ბოლო ოპერაციის თარიღი და დრო
საკონტროლო ველი 20210407154018.0
008 - ფიქსირებული სიგრძის მონაცემთა ელემენტები - ზოგადი ინფორმაცია
ფიქსირებული სიგრძის საკონტროლო ველი 181216s1982||||ge |||||||||||||| ||geo||
040 ## - კატალოგიზაციის წყარო
Transcribing agency GE_BSU
041 ## - ენის კოდი
Language code of text/sound track or separate title geo
080 ## - უნივერსალური ათობითი კლასიფიკაციის ინდექსი
Universal Decimal Classification number 821.161.1- 4 პ-93
100 ## - მთავარი ჩანაწერი - პიროვნების სახელი
Personal name პრუდნიკოვი, მ.
9 (RLIN) 11152
245 ## - ცნობა სათაურის შესახებ
Title ''მოუხელთებელთა" მზვერავები :
Remainder of title [მოთხრობა] /
Statement of responsibility, etc მ. პრუდნიკოვი ; მთარგმნ. ტიტე ხინთიბიძე ; [რედ. გ. მოისწრაფიშვილი].
264 ## - წარმოების, გამოცემის, დისტრიბუციის და სხვა ცნობები
გამოცემის, წარმოების, დისტრიბუციის... ადგილი ბათუმი :
გამოცემის, წარმოების, დისტრიბუციის... სახელწოდება საბჭოთა აჭარა,
გამოცემის, წარმოების, დისტრიბუციის... თარიღი 1982.
300 ## - ფიზიკური აღწერა
Extent 239 გვ. ;
Other physical details 22 სმ.
653 ## - INDEX TERM--UNCONTROLLED
Uncontrolled term დოკ. მოთხრობები
653 ## - INDEX TERM--UNCONTROLLED
Uncontrolled term ''მოუხელთებელთა" მზვერავები
700 ## - ADDED ENTRY--PERSONAL NAME
Personal name ხინთიბიძე, ტიტე
Relator term მთარგმნელი
9 (RLIN) 11153
700 ## - ADDED ENTRY--PERSONAL NAME
Personal name მოისწრაფიშვილი, გ.
Relator term რედაქტორი
9 (RLIN) 4489
942 ## - ADDED ENTRY ELEMENTS (KOHA)
Koha item type წიგნი
Source of classification or shelving scheme
ეგზემპლარები
ჩამოწერის სტატუსი დაკარგული ეგზემპლარის სტატუსი კლასიფიკაციის წყარო ან თაროზე გაწყობის სქემა დაზიანების სტატუსი არ გაიცემა მუდმივი მდებარეობა (დაცვის ადგილი) ამჟამინდელი ადგილსამყოფელი თაროზე განთავსების ადგილი შეძენის თარიღი სრული შენახვის შიფრი შტრიხკოდი ბოლო ოპერაციის თარიღი ეგზემპლარის მიმდევრობითი ნომერი (კეტერი?) ფასის ძალაში შესვლის თარიღი ეგზემპლარის სახეობა
          ბათუმის შოთა რუსთაველის სახელმწიფო უნივერსიტეტის მთავარი ბიბლიოთეკა ბათუმის შოთა რუსთაველის სახელმწიფო უნივერსიტეტის მთავარი ბიბლიოთეკა წიგნსაცავი 2018-12-17 821.161.1- 4 პ-93 21473 2018-12-17 21473 2018-12-17 წიგნი
          ბათუმის შოთა რუსთაველის სახელმწიფო უნივერსიტეტის მთავარი ბიბლიოთეკა ბათუმის შოთა რუსთაველის სახელმწიფო უნივერსიტეტის მთავარი ბიბლიოთეკა წიგნსაცავი 2018-12-17 821.161.1- 4 პ-93 21474 2018-12-17 21474 2018-12-17 წიგნი